000 00277nam a2200097Ia 4500
005 20251222114412.0
008 251222s1900||||xx |||||||||||||| ||spa||
082 _aDVD0070/B79
245 0 _aSlumdog millionaire:Quisiera ser millonario o ¿Quién quiere ser millonario?
942 _cDVD
999 _c2071
_d2071